01147nam a2200241Ia 4500001000600000003000900006008004100015040001300056040001300069041001300082100002700095100002900122245002700151245005400178250001100232260000900243260001200252260004900264300005700313500048900370650001500859650003100874H5674IT-RoPAU130308s9999 xx 000 0 und d aIT-RoPAU cIT-RoPAU aITALIANO aMerleau-Ponty Maurizio gCodice Aut. SPICS: 3841 aDubbio di Cezanne (Il) bSemiotiche della Pittura. I Classici. Le Ricerche a1a ed. aROMA bMeltemi c2004 [1° Ed.:2004 - Ed.Ling.Originale:2004] a"11 p. (prefazione: no ; testo: 11 [pagine: 63-73])" aCezanne e giudizi dei Contemporanei. Devozione al visibile Come fuga dal Mondo? Cezanne e Impressionismo. Composizione della Tavolozza di Cezanne. Luce Come Proprietà dell'Oggetto. Dipingere la materia nel suo farsi Forma. Deformazioni Prospettiche. Contorno degli Oggetti. Percezione Come un Tuttoinvisibile. Inseparabilità tra pensiero e Visione. motivo del Paesaggio. paesaggio Come Organismo Nascente. Vibrazione delle Apparenze. Costruzione del Senso. Verso la Prima Parola. aSEMIOLOGIA eCodice materia Spics: 3251